| 000 | 00882nam a2200229 i 4500 | ||
|---|---|---|---|
| 001 | 180924 | ||
| 003 | ES-MaACL | ||
| 005 | 20250804062633.0 | ||
| 008 | 120829s1971 sp |||| |dspa d | ||
| 080 | _a929 Pérez Galdós, Benito | ||
| 100 | 1 |
_aPérez Galdós, Benito, _d1843-1920 _990871 |
|
| 245 | 1 | 0 |
_aVeintiocho cartas de Galdós a Pereda / _cCarmen Bravo-Villasante. |
| 246 | 3 | _a28 cartas de Galdós a Pereda | |
| 260 |
_a[Madrid : _bCuadernos Hispanoamericanos, _c1971?] |
||
| 300 |
_a43 p. ; _c24 cm. |
||
| 595 | _aPublicado en: Cuadernos hispanoamericanos, octubre 1970-enero 1971, n. 250-252 | ||
| 600 | 1 | 7 |
_aPérez Galdós, Benito, _d1843-1920- _vCorrespondencia _2 _9139477 |
| 600 | 1 | 4 |
_aPereda, José María de, _d1833-1906 _990447 |
| 700 | 1 |
_aBravo-Villasante, Carmen, _d1918-1994 _931507 |
|
| 852 | 4 |
_aES-MaACL _j2318-F-7 |
|
| 999 |
_c180924 _d180924 |
||